000 01148nam a22002537a 4500
005 20170124103132.0
010 _aB-113642
020 _c125.00
_a818748232
035 _aB-113642
037 _bCen Lib/Ret
040 _aDPL
_bHN
082 _a323
_bनन्दनी
100 _aआचार्य, नन्दकिशोर
_9143239
245 _aमानवाधिकार के तकाज़े /
_cनन्दकिशोर आचार्य
246 _aManvadhikar ke takaze /
_bby Nandkishore Acharya
260 _aबीकानेर
_bवागदेवी प्रकाशन
_c2003
270 _aसुगन निवास, चन्दनसागर
_bबीकानेर
_e334001
300 _a136पृ.
_c20सेमी(सजिल्द)
650 _aनैतिक अर्थशास्त्र -- दिशा
_984567
650 _aअर्थ व्यवस्था -- लोकतंत्रीकरण
_984568
650 _aEthical Economics - Direction
_984569
650 _aEconomy - democratization
_984570
942 _2ddc
_cHN
_h323
_mआचार्य
999 _c119371
_d119371